000 00368pab a2200145 454500
008 180718b1984 xxu||||| |||| 00| 0 eng d
100 _aAmati, B.H.
245 _aJuvenile delinquency and habit patterns
260 _c1984
300 _a405-8
362 _aJan.
650 _aJuvenile Delinquency - India
773 _aIndian Journal of Social Work
909 _a11621
999 _c11621
_d11621